| 000 | 01027nam a2200277 a 4500 | ||
|---|---|---|---|
| 001 | $$a0000030857 | ||
| 005 | 20200120222212.0 | ||
| 008 | 071004s1967 col0 gr0 1 000 d | ||
| 082 | 0 | 4 |
_a410 _bS45 |
| 111 | _aSimposio Interamericano de Lingüistica y Enseñanza de Idiomas (1964 Ago. 2-8 : Bloomington) | ||
| 245 | 1 | 3 |
_aEl Simposio de Bloomington, agosto de 1964 : actas, informes, comunicaciones / _cSimposio Interamericano de Linguistica y Enseñanza de Idiomas. |
| 250 | _a1a. ed. | ||
| 260 |
_aBogotá _bInstituto Caro y Cuervo _c1967 |
||
| 300 | _a316 p. | ||
| 500 | _aEj.1 Roma, Donado en 2005 | ||
| 500 | _aEl simposio fue celebrado en la Universidad de Indiana, en Bloomington | ||
| 500 | _aPonencias en : Español, Portugués y Francés | ||
| 650 | 1 | 4 | _aLINGUISTICA |
| 650 | 1 | 4 | _aFILOLOGIA |
| 650 | 1 | 4 | _aFONETICA |
| 650 | 1 | 4 | _aSOCIOLINGUISTICA |
| 650 | 1 | 4 | _aPSICOLINGUISTICA |
| 650 | 1 | 4 | _aLENGUAJE Y LENGUAS |
| 650 | 1 | 4 | _aCONGRESOS, CONFERENCIAS, ETC. |
| 901 | _aDonación, Instituto Caro y Cuervo | ||
| 999 |
_c1867 _d1867 |
||